| 000 | 00808cam a2200277 4500 | ||
|---|---|---|---|
| 001 | ABS67142 | ||
| 008 | 031008n2003 000 0 eng u | ||
| 035 | _a(Sirsi) u123874 | ||
| 245 | _aRegional survey: Berkshire | ||
| 260 | _c2003 | ||
| 490 |
_aProperty Week _v68(36) 12 September 2003, 65-95(16) |
||
| 590 | _aABS | ||
| 650 | _aBERKSHIRE | ||
| 650 | _aINDUSTRIAL MARKET | ||
| 650 | _aPROPERTY-COMMERCIAL PROPERTY-RETAIL PROPERTY-RETAIL PROPERTY MARKET | ||
| 650 | _aLEISURE MARKET | ||
| 650 | _aPROPERTY-COMMERCIAL PROPERTY-OFFICE PROPERTY-OFFICE PROPERTY MARKET | ||
| 650 | _aNEWBURY | ||
| 650 | _aBRACKNELL | ||
| 650 | _aSLOUGH | ||
| 650 | _aWINDSOR | ||
| 650 | _aWOKINGHAM | ||
| 650 | _aREADING | ||
| 690 | _aPROPERTY-COMMERCIAL PROPERTY-COMMERCIAL PROPERTY MARKET | ||
| 942 | _n0 | ||
| 999 |
_c73574 _d73574 |
||